Problém nezaměstnanosti: inspirace ze zahraničí

Problém nezamestnanosti - problém celého sveta aj krajín Európskej únie. Hospodárska politika ako súčasť politiky zamestnanosti. Formovanie politiky trhu práce. Podpora vzdelávania a zvyšovania kvalifikácie pracovníkov. (Dokončenia v budúcom čísle).

Salvato in:
Dettagli Bibliografici
Autore principale: Potůček, Martin
Natura: Capitolo di libro
Lingua:ceco
Soggetti:
Tags: Aggiungi Tag
Nessun Tag, puoi essere il primo ad aggiungerne!!

MARC

LEADER 00000naa a2200000 4500
001 r038587
005 20230913071210.2
041 0 |a cze 
044 |a CZ 
245 1 0 |a Problém nezaměstnanosti: inspirace ze zahraničí  |c Martin Potůček 
520 |a Problém nezamestnanosti - problém celého sveta aj krajín Európskej únie. Hospodárska politika ako súčasť politiky zamestnanosti. Formovanie politiky trhu práce. Podpora vzdelávania a zvyšovania kvalifikácie pracovníkov. (Dokončenia v budúcom čísle). 
610 2 0 |a nezamestnanosť 
610 2 0 |a politika zamestnanosti 
610 2 0 |a politika hospodárska 
610 2 0 |a trh práce 
610 2 0 |a vzdelávanie 
610 2 0 |a Európska únia 
610 2 0 |a zvyšovanie kvalifikácie 
100 1 |a Potůček, Martin